Anatomical changes during acclimatization in somatic embryogenesis-derived plants of Hevea brasiliensis (Record no. 48800)

MARC details
000 -LEADER
fixed length control field 00542nam a2200181Ia 4500
100 ## - MAIN ENTRY--AUTHOR NAME
Personal name Jayasree P K
245 #0 - TITLE STATEMENT
Title Anatomical changes during acclimatization in somatic embryogenesis-derived plants of Hevea brasiliensis
260 ## - PUBLICATION, DISTRIBUTION, ETC. (IMPRINT)
Name of publisher Natural Rubber Research
Year of publication 2009
300 ## - PHYSICAL DESCRIPTION
Number of Pages 156-162
650 ## - SUBJECT ADDED ENTRY--TOPICAL TERM
Topical Term Acclimatization
650 ## - SUBJECT ADDED ENTRY--TOPICAL TERM
Topical Term Anatomical changes
650 ## - SUBJECT ADDED ENTRY--TOPICAL TERM
Topical Term In vitro culture
650 ## - SUBJECT ADDED ENTRY--TOPICAL TERM
Topical Term Somatic embryogenesis
700 ## - ADDED ENTRY--PERSONAL NAME
Personal name Thomas V
700 ## - ADDED ENTRY--PERSONAL NAME
Personal name Thulaseedharan A
942 ## - ADDED ENTRY ELEMENTS (KOHA)
Koha item type Bibliography STAF
Holdings
Withdrawn status Lost status Damaged status Not for loan Home library Current library Shelving location Date acquired Serial Enumeration / chronology Koha item type
      Bibliography RRII Library RRII Library Biotechnology 31/05/2011 Volume 22, Issue 1&2 Bibliography STAF